000 00397nam a2200169Ia 4500
008 230524s9999 xx 000 0 und d
020 _a9780070648159
082 _a621.382
_bNAG
100 _aP.K.Nag
245 0 _aPower Plant Engineering
250 _a2ND
260 _aNEW DELHI
_bTMH
_c2006
300 _aXVI;869
500 _aQuantity Number: 137
650 _aElectrical
942 _cBK
999 _c36365
_d36365